[Event "6. ODEM U25 2009"]
[Site "Willingen GER"]
[Date "2009.06.04"]
[Round "7"]
[White "Holle, Eric"]
[Black "Sailer, Fabian"]
[Result "1-0"]
[Termination "normal"]
[Board "39"]
[WhiteElo "1735"]
[BlackElo "1380"]
[PlyCount "39"]
[WhiteFideId "4624610"]
[EventCountry "GER"]
[EventRounds "9"]
[EventType "swiss"]
[EventDate "2009.05.30"]

1. e4 e5 2. Nc3 Bc5 3. f4 Nc6 4. fxe5 d6 5. exd6 Qxd6 6. Nf3 Nd4 7. Nxd4 Qxd4
8. Qf3 c6 9. Ne2 Qe5 10. c3 Nf6 11. d4 Qxe4 12. Qxe4+ Nxe4 13. dxc5 Nxc5 14.
Nd4 O-O 15. Be2 Re8 16. O-O Ne4 17. Bc4 Nd6 18. Bb3 c5 19. Bf4 Ne4 20. Nb5 1-0

[Event "6. ODEM U25 2009"]
[Site "Willingen GER"]
[Date "2009.06.04"]
[Round "7"]
[White "Weißbeck, Joachim Daniel"]
[Black "Röhlich, Philipp"]
[Result "1/2-1/2"]
[Termination "normal"]
[Board "40"]
[WhiteElo "1755"]
[BlackElo "1043"]
[PlyCount "97"]
[WhiteFideId "4639227"]
[BlackFideId "24692832"]
[EventCountry "GER"]
[EventRounds "9"]
[EventType "swiss"]
[EventDate "2009.05.30"]

1. e4 c5 2. Nf3 Nc6 3. d4 cxd4 4. Nxd4 g6 5. c4 Bg7 6. Be3 Nf6 7. Nc3 Ng4 8.
Qxg4 Nxd4 9. Qd1 Nc6 10. Qd2 d6 11. Be2 O-O 12. O-O Be6 13. f3 Ne5 14. b3 a6
15. a4 Rc8 16. Rac1 Qa5 17. Nd5 Qxd2 18. Nxe7+ Kh8 19. Bxd2 Rc7 20. Bb4 Rxe7
21. Bxd6 Rfe8 22. Bxe7 Rxe7 23. Rfd1 Nc6 24. Rd3 Kg8 25. Rb1 Rd7 26. Rxd7 Bxd7
27. b4 Nd4 28. Bd3 Bxa4 29. b5 axb5 30. cxb5 Nc2 31. Rc1 Bd4+ 32. Kh1 Na3 33.
Rc8+ Kg7 34. Rc7 Nxb5 35. Rxb7 Nc3 36. Rb4 Bc5 37. g3 Bd6 38. Rb7 Kf8 39. Bc4
Be8 40. Rb3 Na4 41. Bb5 Bxb5 42. Rxb5 Nc5 43. Kg2 Kg7 44. Ra5 Ne6 45. e5 Bb4
46. Ra7 Bc3 47. f4 Bd2 48. Rd7 Bc3 49. h4 1/2-1/2

[Event "6. ODEM U25 2009"]
[Site "Willingen GER"]
[Date "2009.06.04"]
[Round "7"]
[White "Lebeda, Lukas"]
[Black "Berger, Manuel"]
[Result "0-1"]
[Termination "normal"]
[Board "41"]
[WhiteElo "1710"]
[BlackElo "1767"]
[PlyCount "98"]
[BlackFideId "24692506"]
[EventCountry "GER"]
[EventRounds "9"]
[EventType "swiss"]
[EventDate "2009.05.30"]

1. c4 e5 2. Nc3 Nc6 3. Nf3 f5 4. e4 fxe4 5. Nxe4 Nf6 6. Nxf6+ Qxf6 7. d3 Bb4+
8. Bd2 Bxd2+ 9. Qxd2 d6 10. Be2 O-O 11. O-O Bg4 12. h3 Bd7 13. b4 h6 14. b5 Ne7
15. Nh2 Qg6 16. Bg4 Nf5 17. Rae1 h5 18. Bf3 Nh4 19. Bd5+ Kh8 20. Be4 Bf5 21. f3
Rf6 22. g4 Bxe4 23. fxe4 Raf8 24. Rxf6 Rxf6 25. Rf1 hxg4 26. hxg4 Qf7 27. Rxf6
Qxf6 28. Qf2 Ng6 29. Qxf6 gxf6 30. Kf2 Nf4 31. Ke3 Kg7 32. Nf3 Kg6 33. Kd2 Ne6
34. Ke3 Nc5 35. Kd2 a6 36. bxa6 Nxa6 37. Kc3 c5 38. Kb3 Nb4 39. Kc3 Nxa2+ 40.
Kb2 Nb4 41. Kc3 Nc6 42. Kb3 Nd4+ 43. Nxd4 exd4 44. Ka4 Kg5 45. Kb5 Kxg4 46. Kb6
Kf3 47. Kxb7 Ke3 48. Kc6 Kxd3 49. Kxd6 Kxc4 0-1

[Event "6. ODEM U25 2009"]
[Site "Willingen GER"]
[Date "2009.06.04"]
[Round "7"]
[White "Rummer, Bärbel"]
[Black "Laqua, Stefan"]
[Result "0-1"]
[Termination "normal"]
[Board "43"]
[WhiteElo "1476"]
[BlackElo "1744"]
[PlyCount "66"]
[WhiteFideId "12900109"]
[BlackFideId "4674634"]
[EventCountry "GER"]
[EventRounds "9"]
[EventType "swiss"]
[EventDate "2009.05.30"]

1. e4 e6 2. d4 d5 3. exd5 exd5 4. c4 Nf6 5. Nc3 Bb4 6. Nf3 O-O 7. Be2 Ne4 8.
Qc2 Bf5 9. Bd3 Re8 10. O-O Bxc3 11. bxc3 dxc4 12. Bxc4 Bg6 13. Qb3 b6 14. Ne5
Qf6 15. Bd5 c6 16. Bxe4 Bxe4 17. f3 Bf5 18. Bg5 Qe6 19. Qxe6 Bxe6 20. Bf4 f6
21. Nd3 Bc4 22. Rfd1 Re2 23. a3 Nd7 24. Nb4 c5 25. Nc6 Bd5 26. Nxa7 Rxa7 27.
dxc5 Bb3 28. cxb6 Rb7 29. Rd6 Nxb6 30. Rd4 Nc4 31. Bc1 Rc2 32. Rd3 Re7 33. Rb1
Re1# 0-1

[Event "6. ODEM U25 2009"]
[Site "Willingen GER"]
[Date "2009.06.04"]
[Round "7"]
[White "Wang, Julia"]
[Black "Marquardt, Annabelle"]
[Result "1-0"]
[Termination "normal"]
[Board "44"]
[WhiteElo "1506"]
[BlackElo "1381"]
[PlyCount "37"]
[WhiteFideId "24692565"]
[BlackFideId "12900125"]
[EventCountry "GER"]
[EventRounds "9"]
[EventType "swiss"]
[EventDate "2009.05.30"]

1. e4 c5 2. Nc3 Nc6 3. Bc4 g6 4. f4 Bg7 5. Nf3 d6 6. O-O e6 7. d3 Nge7 8. Qe1
O-O 9. f5 exf5 10. Bg5 a6 11. Qh4 Qd7 12. a4 Rb8 13. Bh6 Nb4 14. Ng5 Nxc2 15.
Bxg7 Kxg7 16. Qxh7+ Kf6 17. e5+ Kxg5 18. h4+ Kg4 19. Qh6 1-0

[Event "6. ODEM U25 2009"]
[Site "Willingen GER"]
[Date "2009.06.04"]
[Round "7"]
[White "Usov, Andreas"]
[Black "Bangert, Benjamin"]
[Result "0-1"]
[Termination "normal"]
[Board "45"]
[WhiteElo "1491"]
[BlackElo "1330"]
[PlyCount "116"]
[WhiteFideId "24601713"]
[BlackFideId "24692654"]
[EventCountry "GER"]
[EventRounds "9"]
[EventType "swiss"]
[EventDate "2009.05.30"]

1. e4 e6 2. d4 d5 3. e5 c5 4. c3 Nc6 5. Nf3 Qb6 6. a3 Nge7 7. b4 cxd4 8. cxd4
Nf5 9. Be3 Be7 10. Bd3 O-O 11. Bxf5 exf5 12. Nc3 Be6 13. O-O Rfc8 14. Na4 Qd8
15. Nc5 b6 16. Nd3 b5 17. Qd2 Qf8 18. Nc5 a5 19. Bg5 axb4 20. axb4 h6 21. Bxe7
Qxe7 22. Rxa8 Rxa8 23. Ne1 Ra7 24. f4 Qd8 25. Rf3 Qa8 26. Nc2 Ra2 27. Qc3 Ra7
28. Na3 Nxd4 29. Qxd4 Rxa3 30. Nxe6 Rxf3 31. Nc7 Rxf4 32. Qxf4 Qa7+ 33. Qf2
Qxc7 34. Qxf5 Qc1+ 35. Qf1 Qe3+ 36. Qf2 Qxe5 37. g3 Qc3 38. Qf4 Qe1+ 39. Kg2
Qe4+ 40. Qxe4 dxe4 41. Kf2 f5 42. g4 f4 43. h4 g5 44. h5 Kf7 45. Ke2 Ke6 46.
Kd2 f3 47. Ke3 Ke5 48. Kd2 f2 49. Ke2 e3 50. Kf1 Kd4 51. Ke2 Ke4 52. Kf1 Kd3
53. Kg2 Ke2 54. Kh3 f1=Q+ 55. Kh2 Qh1+ 56. Kg3 Qh4+ 57. Kg2 Qxg4+ 58. Kh1 Kf2
0-1

[Event "6. ODEM U25 2009"]
[Site "Willingen GER"]
[Date "2009.06.04"]
[Round "7"]
[White "Mehling, Franziska"]
[Black "Rosenberger, Andreas"]
[Result "0-1"]
[Termination "normal"]
[Board "46"]
[WhiteElo "1257"]
[BlackElo "1478"]
[PlyCount "77"]
[WhiteFideId "12900133"]
[BlackFideId "12900192"]
[EventCountry "GER"]
[EventRounds "9"]
[EventType "swiss"]
[EventDate "2009.05.30"]

1. e4 d6 2. d4 g6 3. c4 Nf6 4. Nc3 Bg7 5. f3 O-O 6. Be3 e5 7. d5 Nbd7 8. Qd2
Nh5 9. O-O-O f5 10. Nge2 b6 11. Kb1 Nc5 12. Nc1 fxe4 13. fxe4 Nf6 14. Bd3 Nxd3
15. Nxd3 Bd7 16. Ka1 a6 17. h3 c5 18. dxc6 Bxc6 19. Nf2 Ne8 20. Nd5 Bxd5 21.
cxd5 Qb8 22. Rc1 Nc7 23. Rc6 Nb5 24. Rxb6 Qd8 25. Rc6 Nd4 26. Bxd4 exd4 27. Nd3
Qe7 28. Re1 Rfc8 29. Nb4 a5 30. Rxc8+ Rxc8 31. Nc6 Qh4 32. Qxa5 Re8 33. a3 Rxe4
34. Rxe4 Qxe4 35. Qd8+ Bf8 36. Qg5 d3 37. Qd2 Qe2 38. Qc3 d2 39. Nd4 0-1

[Event "6. ODEM U25 2009"]
[Site "Willingen GER"]
[Date "2009.06.04"]
[Round "7"]
[White "Weber, Yannik"]
[Black "Schirra, Felix"]
[Result "1-0"]
[Termination "normal"]
[Board "48"]
[WhiteElo "1236"]
[BlackElo "1440"]
[PlyCount "77"]
[WhiteFideId "24692700"]
[BlackFideId "24692662"]
[EventCountry "GER"]
[EventRounds "9"]
[EventType "swiss"]
[EventDate "2009.05.30"]

1. d4 Nf6 2. c4 g6 3. Nc3 Bg7 4. Nf3 O-O 5. e3 d6 6. Bd3 Nbd7 7. O-O c5 8. b3
Ne8 9. Bb2 Nc7 10. Ne4 b6 11. Rb1 f5 12. Ng3 e5 13. Bc2 e4 14. Ne1 d5 15. dxc5
Nxc5 16. Bxg7 Kxg7 17. Qd4+ Qf6 18. cxd5 Qxd4 19. exd4 Nd7 20. f3 Ba6 21. Rf2
e3 22. Rf1 Bxf1 23. d6 Nd5 24. Kxf1 Nb4 25. Bd1 Nxa2 26. Be2 Nc3 27. Rc1 Nxe2
28. Nxe2 Rfc8 29. Rc7 Rxc7 30. dxc7 Rc8 31. Nc2 Rxc7 32. Nxe3 Nf6 33. Nf4 Rc3
34. Nc4 Rxb3 35. Ne5 a5 36. Ne6+ Kh6 37. Nf7+ Kh5 38. Nf4+ Kh4 39. g3# 1-0

[Event "6. ODEM U25 2009"]
[Site "Willingen GER"]
[Date "2009.06.04"]
[Round "7"]
[White "Mann, Jonas"]
[Black "Wachinger, David"]
[Result "1-0"]
[Termination "normal"]
[Board "49"]
[WhiteElo "1296"]
[BlackElo "1386"]
[PlyCount "75"]
[WhiteFideId "12900214"]
[BlackFideId "24692689"]
[EventCountry "GER"]
[EventRounds "9"]
[EventType "swiss"]
[EventDate "2009.05.30"]

1. Nc3 d5 2. e4 c6 3. f4 e6 4. Nf3 Nd7 5. d4 Bb4 6. exd5 cxd5 7. Bd3 Ngf6 8.
O-O Qc7 9. Bd2 O-O 10. Ne5 Ba5 11. Qe1 Bb6 12. Nb5 Qd8 13. Bb4 Re8 14. Nd6
Bxd4+ 15. Kh1 Nxe5 16. fxe5 Nd7 17. Nxe8 Qxe8 18. Qh4 Bc5 19. Qxh7+ Kf8 20.
Qh8+ Ke7 21. Bxc5+ Nxc5 22. Qh4+ Kf8 23. Rxf7+ Qxf7 24. Rf1 Qxf1+ 25. Bxf1 a6
26. Qf2+ Ke8 27. Qxc5 Bd7 28. Be2 Rc8 29. Bh5+ Kd8 30. Qf8+ Kc7 31. Qxg7 Kc6
32. Qe7 Kb6 33. Qxd7 Rxc2 34. Qxe6+ Ka7 35. Qxd5 Rc8 36. h3 Rc1+ 37. Kh2 Re1
38. e6 1-0

[Event "6. ODEM U25 2009"]
[Site "Willingen GER"]
[Date "2009.06.04"]
[Round "7"]
[White "Schreiber, Justina"]
[Black "Reksten, Lisa"]
[Result "1-0"]
[Termination "normal"]
[Board "50"]
[WhiteElo "1269"]
[BlackElo "1141"]
[PlyCount "75"]
[WhiteFideId "24661570"]
[EventCountry "GER"]
[EventRounds "9"]
[EventType "swiss"]
[EventDate "2009.05.30"]

1. e4 e5 2. Nf3 Nc6 3. Bc4 Nf6 4. d3 Bb4+ 5. Bd2 O-O 6. Bxb4 Nxb4 7. Nxe5 d6 8.
Nf3 Bg4 9. Na3 Nc6 10. h3 Bh5 11. g4 Bg6 12. Qd2 Ne5 13. Nxe5 dxe5 14. Rf1 Qd4
15. O-O-O c6 16. Nb1 b5 17. Bb3 a5 18. c3 Qc5 19. Na3 b4 20. Nc4 bxc3 21. Qxc3
a4 22. Bc2 Nd7 23. Qa3 Qxa3 24. Nxa3 f6 25. f4 Bf7 26. Kb1 Rfb8 27. Rd2 Nc5 28.
fxe5 fxe5 29. Rc1 Rb4 30. Bd1 Ra5 31. Be2 Bxa2+ 32. Kxa2 Nb3 33. Rdc2 Nxc1+ 34.
Rxc1 Ra6 35. Nc4 Rb5 36. d4 Ra7 37. Nxe5 Rab7 38. Bxb5 1-0

[Event "6. ODEM U25 2009"]
[Site "Willingen GER"]
[Date "2009.06.04"]
[Round "7"]
[White "Zeller, Lukas"]
[Black "Kuckling, Linus"]
[Result "1/2-1/2"]
[Termination "normal"]
[Board "51"]
[WhiteElo "1338"]
[BlackElo "1197"]
[PlyCount "195"]
[WhiteFideId "1271152"]
[BlackFideId "24658243"]
[EventCountry "GER"]
[EventRounds "9"]
[EventType "swiss"]
[EventDate "2009.05.30"]

1. e4 c5 2. Nf3 d6 3. Bc4 Nc6 4. h3 g6 5. O-O Bg7 6. c3 Nf6 7. Re1 O-O 8. d4
cxd4 9. cxd4 Bd7 10. e5 dxe5 11. Nxe5 Rc8 12. Nxc6 Bxc6 13. b3 b5 14. Be2 Qc7
15. Bb2 Bb7 16. Nd2 a6 17. Bf3 Bxf3 18. Nxf3 Qc2 19. Re2 Qxd1+ 20. Rxd1 Rc7 21.
Ba3 Re8 22. Rde1 Nd5 23. Bd6 Rd7 24. Bc5 Nf4 25. Rxe7 Rdxe7 26. Rxe7 Rxe7 27.
Bxe7 Ne2+ 28. Kf1 Nxd4 29. Nxd4 Bxd4 30. Ke2 f5 31. Bg5 Kf7 32. Be3 Bxe3 33.
Kxe3 Ke7 34. Kf4 Kf6 35. h4 h6 36. g3 a5 37. Ke3 Ke5 38. f4+ Kd5 39. a3 a4 40.
Kd3 axb3 41. Kc3 b2 42. Kxb2 Ke4 43. Kb3 Kf3 44. Kb4 Kxg3 45. Kxb5 Kxf4 46. a4
Kg4 47. a5 f4 48. a6 f3 49. a7 f2 50. a8=Q f1=Q+ 51. Kb6 Qf6+ 52. Kb5 Qf5+ 53.
Kb4 Qf4+ 54. Kb5 Qe5+ 55. Kc4 Qc7+ 56. Kb5 Kxh4 57. Qh1+ Kg5 58. Qg2+ Kf6 59.
Qf3+ Kg7 60. Qd5 Qb8+ 61. Ka6 Qc8+ 62. Kb5 Qe8+ 63. Ka6 Qf7 64. Qc5 g5 65. Ka5
Kg6 66. Qc6+ Qf6 67. Qe8+ Kf5 68. Qc8+ Kf4 69. Qc4+ Kg3 70. Qd3+ Qf3 71. Qd6+
Kg4 72. Qxh6 Qd5+ 73. Ka6 Qc4+ 74. Ka5 Qc7+ 75. Ka6 Qc8+ 76. Ka5 Qf5+ 77. Ka6
Kf4 78. Qh2+ Ke4 79. Qc2+ Ke5 80. Qc3+ Ke6 81. Qc6+ Kf7 82. Qc7+ Kg6 83. Qc1 g4
84. Qg1 Kg5 85. Qe3+ Kh4 86. Qh6+ Qh5 87. Qf6+ Kh3 88. Qf1+ Kg3 89. Qe1+ Kf4
90. Qb4+ Kg5 91. Qe7+ Kh6 92. Qf8+ Kh7 93. Qe7+ Kh6 94. Qf8+ Kg5 95. Qe7+ Kg6
96. Qe6+ Kh7 97. Qe7+ Kh6 98. Qf8+ 1/2-1/2

[Event "6. ODEM U25 2009"]
[Site "Willingen GER"]
[Date "2009.06.04"]
[Round "7"]
[White "Brühan, Caren"]
[Black "Holle, Niklas"]
[Result "1-0"]
[Termination "normal"]
[Board "52"]
[WhiteElo "1265"]
[BlackElo "795"]
[PlyCount "107"]
[WhiteFideId "24691976"]
[EventCountry "GER"]
[EventRounds "9"]
[EventType "swiss"]
[EventDate "2009.05.30"]

1. d4 d5 2. Bf4 Nc6 3. Nf3 Nf6 4. e3 Bf5 5. a3 e6 6. c4 Be7 7. Be2 dxc4 8. Bxc4
Ne4 9. Nc3 Nxc3 10. bxc3 Bf6 11. O-O Ne7 12. Qb3 b6 13. Rfe1 O-O 14. h3 Ng6 15.
Bg3 Nh4 16. Ne5 Be4 17. Ng4 Bxg2 18. Bxh4 Bxh3 19. Bxf6 gxf6 20. Nh2 Kh8 21.
Qd1 Rg8+ 22. Kh1 f5 23. Qf3 Bg4 24. Qf4 Qh4 25. Be2 Qh3 26. Qe5+ Rg7 27. Bxg4
fxg4 28. Qg3 Qh5 29. Rg1 f5 30. Rad1 c6 31. c4 Qh6 32. d5 cxd5 33. cxd5 exd5
34. Rxd5 Qc6 35. Qg2 Rag8 36. Rxf5 Qd6 37. Rf4 g3 38. fxg3 Qxa3 39. Qf3 Qc5 40.
Rg4 a5 41. Rxg7 Rxg7 42. Rd1 Qe7 43. Ng4 h6 44. Qf4 Rh7 45. Qb8+ Kg7 46. Qxb6
Qe4+ 47. Kh2 Qxg4 48. Qc7+ Kf6 49. Rd6+ Kg5 50. Qxa5+ Qf5 51. Rd5 Qxd5 52.
Qxd5+ Kg4 53. Qe4+ Kg5 54. Qxh7 1-0

[Event "6. ODEM U25 2009"]
[Site "Willingen GER"]
[Date "2009.06.04"]
[Round "7"]
[White "Nobis, Philipp"]
[Black "Eichstaedt, Ina"]
[Result "1-0"]
[Termination "normal"]
[Board "53"]
[WhiteElo "1261"]
[BlackElo "887"]
[PlyCount "59"]
[WhiteFideId "24602183"]
[BlackFideId "1270265"]
[EventCountry "GER"]
[EventRounds "9"]
[EventType "swiss"]
[EventDate "2009.05.30"]

1. e4 e5 2. Nf3 Nc6 3. Bc4 Nf6 4. Ng5 d5 5. exd5 Nxd5 6. Qf3 Be6 7. Nxe6 fxe6
8. O-O Nd4 9. Qh5+ g6 10. Qxe5 Qf6 11. Qe4 c6 12. c3 Nf5 13. d4 Bg7 14. Re1 Kd7
15. Qe2 Rhe8 16. Nd2 Qe7 17. Nf3 Kc8 18. Bg5 Bf6 19. Bxf6 Nxf6 20. Bxe6+ Qxe6
21. Qxe6+ Rxe6 22. Rxe6 Kc7 23. Rxf6 Rd8 24. Rf7+ Kb8 25. Re1 a6 26. Rxh7 c5
27. dxc5 Ka7 28. c6 Kb6 29. cxb7 Rb8 30. Re6+ 1-0

[Event "6. ODEM U25 2009"]
[Site "Willingen GER"]
[Date "2009.06.04"]
[Round "7"]
[White "Polert, Jesper"]
[Black "Alt, Elisabeth"]
[Result "1/2-1/2"]
[Termination "normal"]
[Board "54"]
[WhiteElo "779"]
[BlackElo "1257"]
[PlyCount "45"]
[BlackFideId "24692620"]
[EventCountry "GER"]
[EventRounds "9"]
[EventType "swiss"]
[EventDate "2009.05.30"]

1. e4 c5 2. d4 cxd4 3. Qxd4 Nc6 4. Qd1 Nf6 5. Nc3 e6 6. Bd3 Bc5 7. Nf3 d5 8. e5
Ng4 9. O-O Ngxe5 10. Nxe5 Nxe5 11. Bb5+ Nc6 12. Qg4 Bf8 13. Re1 g6 14. Bd2 Bg7
15. Rad1 O-O 16. Bg5 Qd7 17. Re3 a6 18. Ba4 b5 19. Bb3 d4 20. Rh3 h5 21. Qh4
Qc7 22. g4 e5 23. Nd5 1/2-1/2

[Event "6. ODEM U25 2009"]
[Site "Willingen GER"]
[Date "2009.06.04"]
[Round "7"]
[White "Michels, Till"]
[Black "Triantafillidis, Zoe"]
[Result "1-0"]
[Termination "normal"]
[Board "56"]
[WhiteElo "968"]
[BlackElo "923"]
[PlyCount "118"]
[BlackFideId "12900150"]
[EventCountry "GER"]
[EventRounds "9"]
[EventType "swiss"]
[EventDate "2009.05.30"]

1. e4 c6 2. Nc3 d5 3. Nf3 dxe4 4. Nxe4 Bf5 5. Ng3 Bg4 6. h3 Be6 7. d4 Nd7 8.
Bf4 Ngf6 9. Bd3 Bd5 10. Qe2 e6 11. Be4 Nb6 12. Rc1 Bc4 13. Bd3 Bxa2 14. b3 Nbd5
15. Qe5 Bb4+ 16. Bd2 Bxd2+ 17. Nxd2 Qe7 18. Ra1 Qa3 19. Nf5 O-O 20. Qd6 Qxd6
21. Nxd6 Nc3 22. Nxb7 a5 23. Nc5 Rfd8 24. Nde4 Nfxe4 25. Nxe4 Nxe4 26. Bxe4
Bxb3 27. cxb3 Rac8 28. O-O Rxd4 29. Bf3 Rb4 30. Rfc1 Rxb3 31. Rxc6 Ra8 32. Rac1
Rbb8 33. Rc7 Rd8 34. Bxa8 g6 35. Rc8 Rxc8 36. Rxc8+ Kg7 37. Rc5 a4 38. Ra5 a3
39. Rxa3 h5 40. Ra4 f5 41. Rh4 Kh6 42. g4 fxg4 43. hxg4 Kg5 44. gxh5 gxh5 45.
Re4 Kf6 46. Ra4 e5 47. Bf3 h4 48. Rxh4 Kg5 49. Ra4 Kf5 50. Kf1 Kf6 51. Ke2 Ke6
52. Ke3 Kf5 53. Bg4+ Kf6 54. Ra6+ Kg5 55. Ke4 Kxg4 56. Kxe5 Kf3 57. Ra2 Kg4 58.
Ra3 Kg5 59. Rg3+ Kh6 1-0

[Event "6. ODEM U25 2009"]
[Site "Willingen GER"]
[Date "2009.06.05"]
[Round "8"]
[White "Siebarth, Raiko"]
[Black "Figura, Atila Gajo"]
[Result "1/2-1/2"]
[Termination "normal"]
[Board "1"]
[BlackTitle "FM"]
[WhiteElo "2246"]
[BlackElo "2417"]
[PlyCount "26"]
[WhiteFideId "4674766"]
[BlackFideId "4688058"]
[EventCountry "GER"]
[EventRounds "9"]
[EventType "swiss"]
[EventDate "2009.05.30"]

1. c4 Nc6 2. Nc3 e5 3. g3 g6 4. Bg2 Bg7 5. e3 d6 6. Nge2 Be6 7. b3 Nge7 8. d4
exd4 9. exd4 Bg4 10. h3 Nxd4 11. hxg4 Nxe2 12. Nxe2 Bxa1 13. Bh6 Be5 1/2-1/2

[Event "6. ODEM U25 2009"]
[Site "Willingen GER"]
[Date "2009.06.05"]
[Round "8"]
[White "Siebarth, Marco"]
[Black "Wagner, Florian"]
[Result "0-1"]
[Termination "normal"]
[Board "2"]
[BlackTitle "FM"]
[WhiteElo "2031"]
[BlackElo "2302"]
[PlyCount "62"]
[WhiteFideId "24604330"]
[BlackFideId "4698118"]
[EventCountry "GER"]
[EventRounds "9"]
[EventType "swiss"]
[EventDate "2009.05.30"]

1. e4 c5 2. Nf3 Nc6 3. d4 cxd4 4. Nxd4 Nf6 5. Nc3 e5 6. Ndb5 d6 7. Bg5 a6 8.
Na3 b5 9. Nd5 Qa5+ 10. Bd2 Qd8 11. Bg5 Be7 12. Bxf6 Bxf6 13. c3 Bg5 14. Nc2 O-O
15. h4 Bh6 16. g4 Bf4 17. Nxf4 exf4 18. Qd2 Ne5 19. Qxf4 Bxg4 20. Nd4 b4 21.
Qe3 bxc3 22. bxc3 Qb6 23. f4 Nf3+ 24. Kf2 Nxd4 25. cxd4 Rac8 26. Kg3 Qb2 27.
Bd3 Rc3 28. Rhc1 Be2 29. Qxe2 Qxe2 30. Rxc3 Qe3+ 31. Kg2 Qd2+ 0-1

[Event "6. ODEM U25 2009"]
[Site "Willingen GER"]
[Date "2009.06.05"]
[Round "8"]
[White "Coenen, Michael"]
[Black "Gölz, Daniel"]
[Result "0-1"]
[Termination "normal"]
[Board "3"]
[WhiteElo "2260"]
[BlackElo "2058"]
[PlyCount "94"]
[WhiteFideId "4697367"]
[BlackFideId "24626325"]
[EventCountry "GER"]
[EventRounds "9"]
[EventType "swiss"]
[EventDate "2009.05.30"]

1. e4 c5 2. Nf3 Nc6 3. d4 cxd4 4. Nxd4 e6 5. Nc3 a6 6. Be3 Qc7 7. f3 Nf6 8. Qd2
Ne5 9. O-O-O Bb4 10. Kb1 d5 11. exd5 Bxc3 12. Qxc3 Qxc3 13. bxc3 Nxd5 14. Bd2
b5 15. f4 Nc4 16. Bxc4 bxc4 17. Rhe1 O-O 18. Re5 Bb7 19. f5 exf5 20. Nxf5 Rad8
21. Kc1 Nf6 22. Rde1 Rfe8 23. Bg5 Rxe5 24. Rxe5 Bxg2 25. Re3 Kf8 26. Bh4 Re8
27. Rg3 Re2 28. Re3 Rxe3 29. Nxe3 Bh3 30. Nxc4 Ne4 31. Be1 f5 32. Ne5 Ke7 33.
c4 Kd6 34. Nd3 g5 35. Bb4+ Ke6 36. Kd1 f4 37. Ke1 Bf5 38. Bf8 f3 39. Bh6 g4 40.
Bg7 h5 41. Nf4+ Kf7 42. Bd4 h4 43. Nd3 Ke6 44. Ne5 f2+ 45. Ke2 g3 46. hxg3 hxg3
47. Nf3 Bg4 0-1

[Event "6. ODEM U25 2009"]
[Site "Willingen GER"]
[Date "2009.06.05"]
[Round "8"]
[White "Tschlatscher, Thomas"]
[Black "Zhou, Syang"]
[Result "1-0"]
[Termination "normal"]
[Board "4"]
[WhiteElo "1983"]
[BlackElo "2090"]
[PlyCount "57"]
[WhiteFideId "24635863"]
[BlackFideId "24636126"]
[EventCountry "GER"]
[EventRounds "9"]
[EventType "swiss"]
[EventDate "2009.05.30"]

1. Nf3 c5 2. c3 d5 3. d4 e6 4. e3 Nf6 5. Nbd2 Nc6 6. a3 a6 7. Bd3 Bd6 8. O-O
O-O 9. Bb1 cxd4 10. exd4 Ne7 11. Re1 Ng6 12. Ne5 Nd7 13. Ndf3 Ndxe5 14. Nxe5
Nxe5 15. dxe5 Bc5 16. Qd3 Qh4 17. Be3 Bxe3 18. Rxe3 f5 19. Ba2 b5 20. Bxd5 Ra7
21. Bb3 Rd8 22. Qxf5 Rf8 23. Bxe6+ Bxe6 24. Qxe6+ Kh8 25. Rf1 Raf7 26. f3 Qg5
27. Re2 h5 28. Qxa6 Kh7 29. Qc6 1-0

[Event "6. ODEM U25 2009"]
[Site "Willingen GER"]
[Date "2009.06.05"]
[Round "8"]
[White "Mantler, Hendrik"]
[Black "Kyas, Marcel"]
[Result "1-0"]
[Termination "normal"]
[Board "5"]
[WhiteElo "2164"]
[BlackElo "2106"]
[PlyCount "77"]
[WhiteFideId "4697790"]
[BlackFideId "24642037"]
[EventCountry "GER"]
[EventRounds "9"]
[EventType "swiss"]
[EventDate "2009.05.30"]

1. e4 c5 2. Nf3 e6 3. d4 cxd4 4. Nxd4 Nc6 5. Nc3 Qc7 6. Be2 a6 7. O-O Nf6 8.
Bg5 Be7 9. Nxc6 bxc6 10. Qd4 c5 11. Qe3 d6 12. Rad1 Rb8 13. b3 O-O 14. Rd2 Bb7
15. Bf3 c4 16. Rfd1 Rfc8 17. b4 Bc6 18. a3 a5 19. Na2 axb4 20. Nxb4 Bb5 21. a4
Qa5 22. axb5 Qxb4 23. e5 dxe5 24. Bc6 Qc5 25. Qg3 Rd8 26. h3 Kh8 27. Be3 Qa3
28. Qxe5 Qa5 29. Bc5 Bxc5 30. Rxd8+ Rxd8 31. Rxd8+ Qxd8 32. Qxc5 h6 33. b6 Qb8
34. b7 Kh7 35. Qxc4 Qe5 36. Qd3+ g6 37. Qg3 Qe1+ 38. Kh2 Nh5 39. Qc7 1-0

[Event "6. ODEM U25 2009"]
[Site "Willingen GER"]
[Date "2009.06.05"]
[Round "8"]
[White "Schneider, Christian"]
[Black "Klippel, Jan"]
[Result "1/2-1/2"]
[Termination "normal"]
[Board "6"]
[WhiteElo "2116"]
[BlackElo "2035"]
[PlyCount "24"]
[WhiteFideId "24613886"]
[BlackFideId "24642215"]
[EventCountry "GER"]
[EventRounds "9"]
[EventType "swiss"]
[EventDate "2009.05.30"]

1. e4 e6 2. Qe2 c5 3. d3 b6 4. g3 Bb7 5. Bg2 Nf6 6. Nf3 d6 7. O-O Nbd7 8. Re1
Be7 9. Nbd2 O-O 10. Nf1 Qc7 11. Nh4 Ne8 12. Nf3 Nef6 1/2-1/2

[Event "6. ODEM U25 2009"]
[Site "Willingen GER"]
[Date "2009.06.05"]
[Round "8"]
[White "Wurm, Alexander"]
[Black "Seidler, Lukas"]
[Result "0-1"]
[Termination "normal"]
[Board "7"]
[WhiteElo "2055"]
[BlackElo "1805"]
[PlyCount "68"]
[WhiteFideId "24637246"]
[BlackFideId "12900095"]
[EventCountry "GER"]
[EventRounds "9"]
[EventType "swiss"]
[EventDate "2009.05.30"]

1. d4 Nf6 2. Nc3 d5 3. Bg5 Bf5 4. f3 Nc6 5. e4 dxe4 6. d5 Nb4 7. Bxf6 exf6 8.
fxe4 Bd7 9. a3 Na6 10. Nf3 Bd6 11. Qd4 O-O 12. O-O-O Re8 13. Bc4 Qe7 14. Rhe1
Nc5 15. Re2 a6 16. Rde1 b5 17. Ba2 Be5 18. Nxe5 fxe5 19. Qd2 Qd6 20. b4 Nb7 21.
Nd1 a5 22. c3 axb4 23. axb4 Bg4 24. Rf2 Bxd1 25. Kxd1 Ra4 26. Ref1 Rea8 27. Bb3
Ra1+ 28. Ke2 Qg6 29. Rxf7 Qxe4+ 30. Qe3 R8a2+ 31. Bxa2 Rxa2+ 32. Kd1 Qb1+ 33.
Qc1 Qd3+ 34. Ke1 Qe2# 0-1

[Event "6. ODEM U25 2009"]
[Site "Willingen GER"]
[Date "2009.06.05"]
[Round "8"]
[White "Ackermann, Johannes"]
[Black "Weißbeck, Simon"]
[Result "1/2-1/2"]
[Termination "normal"]
[Board "8"]
[WhiteElo "1935"]
[BlackElo "1959"]
[PlyCount "45"]
[WhiteFideId "24663875"]
[BlackFideId "24646865"]
[EventCountry "GER"]
[EventRounds "9"]
[EventType "swiss"]
[EventDate "2009.05.30"]

1. e4 e6 2. d4 d5 3. Nc3 dxe4 4. Nxe4 Nd7 5. Nf3 Ngf6 6. Bd3 Be7 7. Qe2 c5 8.
Bg5 h6 9. Bxf6 Bxf6 10. Nxf6+ Qxf6 11. O-O-O Qf4+ 12. Kb1 O-O 13. g3 Qc7 14. g4
cxd4 15. g5 Qf4 16. gxh6 Qxh6 17. Nxd4 Nc5 18. Bc4 a6 19. Qe5 Nd7 20. Qg3 b5
21. Be2 Bb7 22. Rhg1 Nf6 23. Bf3 1/2-1/2

[Event "6. ODEM U25 2009"]
[Site "Willingen GER"]
[Date "2009.06.05"]
[Round "8"]
[White "Becker, Carsten"]
[Black "Müller, Jan-Hendrik"]
[Result "1/2-1/2"]
[Termination "normal"]
[Board "9"]
[WhiteElo "1995"]
[BlackElo "2090"]
[PlyCount "38"]
[WhiteFideId "24646822"]
[BlackFideId "24615048"]
[EventCountry "GER"]
[EventRounds "9"]
[EventType "swiss"]
[EventDate "2009.05.30"]

1. d4 Nf6 2. c4 c5 3. d5 e6 4. Nc3 exd5 5. cxd5 d6 6. e4 g6 7. Bd3 Bg7 8. Nge2
O-O 9. O-O a6 10. a4 Ng4 11. h3 Ne5 12. Bc2 Qh4 13. f4 Nc4 14. Qd3 Na5 15. f5
Nd7 16. Bf4 Be5 17. b3 Qd8 18. Qg3 Qe7 19. Rf3 Kh8 1/2-1/2